Baby Names Ending With -RY Quiz Stats

 Plays Quiz Updated Oct 2, 2017

Score 0/100 Timer 10:00
5 Plays Today
Year Name % Correct
1895Mary
96.4%
1925Mary
96.4%
1955Mary
96.4%
1985Mary
96.4%
2015Mary
96.4%
1895Harry
94.4%
1925Harry
94.4%
1955Harry
94.4%
1985Harry
94.4%
1895Larry
93.2%
1925Larry
93.2%
1955Larry
93.2%
1985Larry
93.2%
2015Larry
93.2%
1895Jerry
91.4%
1925Jerry
91.4%
1925Jerry
91.4%
1955Jerry
91.4%
1955Gerry
91.4%
1985Jerry
91.4%
2015Jerry
91.4%
1895Berry
90.7%
1925Barry
90.7%
1955Barry
90.7%
1985Barry
90.7%
1895Gary
87.9%
1925Gary
87.9%
1955Gary
87.9%
1955Garry
87.9%
1985Gary
87.9%
2015Gary
87.9%
1895Terry
87.9%
1925Terry
87.9%
1925Terry
87.9%
Year Name % Correct
1955Terry
87.9%
1955Terry
87.9%
1985Terry
87.9%
2015Terry
87.9%
1895Perry
87.2%
1925Perry
87.2%
1955Perry
87.2%
1985Perry
87.2%
1895Cary
84.2%
1955Kerry
84.2%
1955Cary
84.2%
1955Kerry
84.2%
1985Kerry
84.2%
1985Kerry
84.2%
1895Henry
79.3%
1895Henery
79.3%
1925Henry
79.3%
1955Henry
79.3%
1985Henry
79.3%
2015Henry
79.3%
2015Rory
74.1%
2015Rory
74.1%
1955Sherry
70.3%
1985Sherry
70.3%
1985Zachary
67.2%
1985Zachery
67.2%
2015Zachary
67.2%
2015Zackary
67.2%
1895Emory
60.7%
1895Emery
60.7%
1925Emory
60.7%
1925Emery
60.7%
2015Emery
60.7%
2015Emory
60.7%
Year Name % Correct
2015Emery
60.7%
1895Avery
55.2%
1925Avery
55.2%
2015Avery
55.2%
2015Avery
55.2%
1985Cory
54.8%
2015Cory
54.8%
1895Gregory
48.5%
1925Gregory
48.5%
1955Gregory
48.5%
1985Gregory
48.5%
2015Gregory
48.5%
1895Ivory
45.5%
1895Ivory
45.5%
1925Ivory
45.5%
2015Ivory
45.5%
1985Mallory
44.8%
2015Mallory
44.8%
1985Hilary
44.8%
1985Hillary
44.8%
1955Jeffery
32%
1955Jeffry
32%
1985Jeffery
32%
1895Margery
28.7%
1925Margery
28.7%
1925Marjory
28.7%
1895Rosemary
28.6%
1925Rosemary
28.6%
1955Rosemary
28.6%
2015Rosemary
28.6%
1895Murry
19.7%
1925Murry
19.7%

You're not logged in!

Compare scores with friends on all Sporcle quizzes.
OR
Log In

You Might Also Like...

Show Comments

Extras

Top Quizzes Today


Score Distribution

Your Account Isn't Verified!

In order to create a playlist on Sporcle, you need to verify the email address you used during registration. Go to your Sporcle Settings to finish the process.

Report this User

Report this user for behavior that violates our Community Guidelines.

Details: